Loading...
Religion | 0 | 4 | 0 | 0 | 40 | 106 | 116.75 | 0 | 0 |
History - European History | 0 | 3 | 0 | 0 | 30 | 108 | 123.00 | 0 | 0 |
History - World History | 0 | 2 | 0 | 1 | 20 | 122 | 132.00 | 0 | 0 |
Literature - American Literature | 0 | 2 | 0 | 0 | 20 | 71 | 109.00 | 0 | 0 |
Science - Chemistry | 0 | 4 | 4 | 1 | 20 | 35 | 75.00 | 2 | 3 |
Fine Arts - Other Fine Arts | 0 | 2 | 0 | 0 | 20 | 46 | 86.50 | 0 | 0 |
Geography | 0 | 2 | 0 | 0 | 20 | 115 | 117.50 | 0 | 0 |
Science - Physics | 0 | 2 | 1 | 1 | 15 | 118 | 127.50 | 0 | 0 |
Science - Other Science | 0 | 2 | 1 | 1 | 15 | 109 | 124.50 | 0 | 0 |
Social Science | 0 | 1 | 0 | 1 | 10 | 134 | 134.00 | 0 | 0 |
History - American History | 0 | 1 | 0 | 0 | 10 | 74 | 74.00 | 0 | 0 |
History - Other History | 0 | 1 | 0 | 1 | 10 | 127 | 127.00 | 0 | 0 |
Literature - British Literature | 0 | 1 | 0 | 0 | 10 | 70 | 70.00 | 0 | 1 |
Literature - European Literature | 0 | 1 | 0 | 0 | 10 | 145 | 145.00 | 0 | 0 |
Literature - World Literature | 0 | 2 | 2 | 0 | 10 | 92 | 104.50 | 0 | 0 |
Mythology | 0 | 1 | 0 | 0 | 10 | 163 | 163.00 | 0 | 0 |
Science - Biology | 0 | 1 | 0 | 0 | 10 | 129 | 129.00 | 0 | 0 |
Current Events | 0 | 0 | 1 | 0 | -5 | 0.00 | 0 | 0 |